000 01917nam a22005777a 4500
003 OSt
005 20230412113843.0
008 221006b |||||||| |||| 00| 0 eng d
040 _cBiblioteca Lado V
082 _a700
_bK41a
100 _9797
_aKerraoul, Jean Pierre de
_eeditor
_edirector
245 _aArtpress/
_bArt et engagement, debat/
260 _bCourt Gallerie
_c1994
_aParis
300 _c21x28cm
_a98p.
366 _eeng
490 _a194
_v94
_v1994
_x0004 3273
505 _tRush
505 _tExporma
505 _tJoseph Beuys
505 _tBeuys front de l'est
505 _tdossier: l'art en mission
505 _tArt Spiegelman
505 _tdu temoignage comme desengagement
505 _tdeux trois choses autour des peintures de vincent corpet
505 _tla queue de l'elephant
505 _tGerard Collin-Thiebaut
505 _tcontre l'histoire antiquaire
505 _tChantal Thomas Sade
505 _tBernard Comment Florence, retours
505 _tMarie Redonnet
505 _tles livres
505 _tle feuilleton
505 _tle cinema
505 _tla photographie
505 _tles expositions
505 _tVincent Corpet's
505 _tGerard Collin-Thiebaut
505 _tAgainst Antiquary History
505 _tChantal Thomas
505 _tReviews
650 _2Tesauro de Arte & Arquitectura
_aARTE
_9703
650 _2Tesauro de Arte & Arquitectura
_aEXPOSICIONES
650 _2Tesauro de Arte & Arquitectura
_aBIENAL
650 _2Tesauro de Arte & Arquitectura
_aAPRECIACION
650 _2Tesauro de Arte & Arquitectura
_aTEORIA
650 _2Tesauro de Arte & Arquitectura
_aCRITICA
650 _2Tesauro de Arte & Arquitectura
_aFOTOGRAFIA
_9702
650 _2Tesauro de Arte & Arquitectura
_aLITERATURA
650 _2Tesauro de Arte & Arquitectura
_aPARIS
942 _2ddc
_c1
_h700
_iK41a
_n0
999 _c3330
_d3330